000 00441nam a22001697a 4500
003 NUST
020 _a9788122438147
038 _akhadija
082 _a621.816
_bRAN
100 _aRangwala, A S
_983694
245 _aDiagnostics And Failure Prevention Turbo-Machines /
_cA S Rangwala
260 _aNew Delhi :
_bNew Age Publisher,
_c2015.
300 _a331 p. ;
_b25 cm.
500 _aHardcover.
563 _ahardcover
942 _cBK
_2ddc
999 _c33715
_d33715